[Event "SA Candidates"]
[Site "Adelaide"]
[Date "2002.03.26"]
[Round "7.5"]
[White "Schoech, Franz"]
[Black "Cooke, Tristrom P"]
[Result "1/2-1/2"]
[WhiteElo "1197"]
[BlackElo "1359"]
[Annotator "Fritz 7 - Anderson-Smith,W"]
[PlyCount "122"]
[EventDate "2002.02.12"]
[EventType "swiss"]
[EventRounds "7"]
[EventCountry "AUS"]

{C50: Hungarian Defence and Giuoco Pianissimo} 1. e4 e5 2. Nf3 Nc6 3. Nc3 Bc5
4. Bc4 Nf6 5. d3 d6 6. h3 (6. Bg5 h6 7. Bxf6 Qxf6 8. Nd5 Qd8 9. c3 O-O (9... a6
10. d4 Ba7 11. h3 O-O 12. O-O Be6 13. Bb3 Qd7 14. Re1 Rae8 15. dxe5 Nxe5 16.
Nd4 Ng6 17. Qf3 c6 18. Ne3 Bxb3 19. axb3 Bxd4 20. cxd4 Nh4 21. Qf4 Ng6 22. Qf3
Nh4 23. Qf4 Ng6 24. Qf3 {1/2-1/2 Ivanovic,B-Hjartarson,J/Novi Sad 1990/TD (24)}
) 10. b4 Bb6 11. a4 a5 12. Nxb6 cxb6 13. bxa5 Nxa5 14. Bd5 Qc7 15. c4 Bg4 16.
O-O Kh8 17. h3 Bxf3 18. Qxf3 Nb3 19. Ra2 Nc5 20. Qd1 Qd7 21. f4 f6 22. d4 exd4
23. Qxd4 Rxa4 24. Rxa4 Qxa4 25. Kh2 b5 26. Rb1 bxc4 27. Bxc4 Rc8 28. Qd5 Qc2
29. Re1 Na4 30. Bd3 Qd2 31. Qf5 Rc3 32. e5 Rxd3 33. Qc8+ {
1/2-1/2 Ivanovic,B-Anand,V/Manila 1990/CBM 19 (33)}) 6... Be6 7. Bxe6 (7. Nd5
Bxd5 8. exd5 Ne7 9. Bg5 Ng6 10. d4 exd4 11. O-O O-O 12. Nxd4 Re8 13. Nb3 Re5
14. Bd2 Ne4 {1/2-1/2 Mariotti,S-Castro Rojas,O/Rome 1980/MCD (14)}) 7... fxe6
8. Ng5 $146 (8. Be3 Bxe3 (8... Nd4 9. Qd2 c6 10. O-O-O Qc7 11. a3 d5 12. exd5
exd5 13. Na4 Nxf3 14. gxf3 Bb6 15. d4 e4 16. Bf4 Qd7 17. Nc5 Bxc5 18. dxc5 exf3
19. Rde1+ Kf7 20. Qd3 h6 21. h4 Qg4 22. Qd4 Nh5 23. Be3 {
Singer,M-Spatz,H/Bayern 1989/EXT 98/0-1 (52)}) 9. fxe3 O-O 10. O-O {
1/2-1/2 Martinez,J-Padilla,J/Caracas 1973/EXT 2000 (10)}) (8. Na4 Bb6 9. Nxb6
axb6 10. c3 Qd7 11. O-O O-O 12. b4 Qe8 13. a3 Nh5 14. g3 Nf6 15. b5 Nd8 16. a4
Nd7 17. Kg2 Nc5 18. Be3 Nf7 19. Bxc5 bxc5 20. Qb3 c6 21. d4 cxb5 22. Qxb5 Qxb5
{Poppner,D-Weiss Nowack,C/Berlin-West 1987/EXT 97/1-0 (50)}) 8... Qd7 9. Nb5 a6
10. Nxc7+ $2 (10. Nc3 $142 $15 {and White can hope to live}) 10... Qxc7 $19 11.
Nxe6 Qe7 12. Nxc5 dxc5 13. Bd2 O-O 14. c3 b5 15. a3 Qf7 {Black intends c4} 16.
Be3 c4 17. f3 (17. dxc4 Rfd8 18. Qe2 bxc4 $19) 17... Rad8 18. d4 exd4 19. cxd4
Ne5 (19... Nh5 $142 {keeps an even firmer grip} 20. Qd2 $19) 20. O-O Nd3 21.
Rb1 (21. b3 Qe6 $19) 21... Nh5 22. Kh2 (22. Qc2 Qe6 $19) 22... Qc7+ 23. e5 Nxe5
$1 {Clearance to allow d8-d1} 24. f4 (24. dxe5 {A pinning theme} Rxd1 {
A double attack}) 24... Nd3 (24... Nxf4 $142 {
and the rest is a matter of technique} 25. Rxf4 Nd3 $19) 25. Qxh5 $17 Nxf4 26.
Qg4 Nd5+ (26... Nd3+ 27. Kg1 $17) 27. g3 {Consolidates f4} (27. Kg1 Qc8 28.
Qxc8 Rxc8 $17) 27... Nxe3 (27... Qc6 28. Bg5 Rde8 29. Kg1 $17) 28. Qe6+ Kh8 29.
Rxf8+ Rxf8 30. Qxe3 Qf7 31. Kg2 (31. Re1 $5 $15) 31... Qd5+ $17 32. Kg1 h6 (
32... Qf5 33. Re1 $17) 33. Re1 Rd8 {Attacking the isolated pawn on d4} 34. Rd1
Rd6 35. Rd2 Re6 36. Qf2 Rd6 (36... Kg8 37. Qg2 Re1+ 38. Kh2 Qxg2+ 39. Kxg2 $17)
37. Qe3 $15 Qf5 38. Kg2 Kg8 39. Qf4 Qxf4 40. gxf4 Kf7 41. Kf3 Kf6 42. Kg4 (42.
d5 Kf5 $11) 42... h5+ (42... Ke6 $142 $5 $17) 43. Kf3 $11 (43. Kxh5 $2 {
doesn't lead to the expected results} Kf5 44. Kh4 Kxf4 45. Rf2+ Ke3 $19) 43...
Kf5 44. Rd1 a5 45. Rd2 b4 46. a4 (46. axb4 axb4 47. d5 $11) 46... Ke6 (46... c3
47. bxc3 bxc3 $17) 47. Ke4 $14 {White plans d5} g6 $2 (47... Rd8 48. Rg2 $14)
48. Rg2 (48. d5+ $5 Kd7 49. Rc2 $18) 48... Kd7 (48... Kf6 49. d5 c3 50. bxc3
bxc3 51. Kd4 $14) 49. d5 $16 Rb6 50. f5 (50. Rc2 $142 $5 c3 51. bxc3 $16) 50...
gxf5+ 51. Kxf5 {Active king in the endgame} (51. Ke5 c3 52. bxc3 bxc3 53. Rg7+
Kc8 54. Rg8+ Kd7 55. Rg7+ Kd8 56. Rg8+ Kd7 57. Rg7+ $11) 51... Kd6 (51... b3
52. Rg3 Kd6 53. Ke4 $15) 52. Ke4 (52. Rg6+ $142 Kc5 53. Rxb6 Kxb6 54. d6 $14)
52... b3 $4 {
not a good decision, because now the opponent is right back in the game} (52...
c3 $142 $5 {deserves consideration} 53. bxc3 bxc3 $11) 53. Kd4 $4 {
forfeits the advantage} (53. Rg6+ Kc7 54. Rxb6 Kxb6 55. Kd4 $18) 53... Rb4 $14
54. Rg6+ Kd7 55. Rg5 Rxa4 56. Rxh5 Rb4 57. Kc3 Kd6 58. Rg5 Rb7 59. Kxc4 Rh7 (
59... Rb4+ 60. Kc3 Rh4 61. Kxb3 $14) 60. Rg3 (60. Rg6+ Kc7 61. Ra6 Rxh3 62.
Rxa5 Rh4+ 63. Kxb3 Kb6 $16) 60... a4 (60... Rh4+ 61. Rg4 Rxh3 62. Rg6+ Kd7 63.
Ra6 Rh4+ 64. Kxb3 Rb4+ 65. Ka3 $14) 61. Rd3 (61. Rg6+ $142 $5 Kd7 62. Ra6 Rh4+
63. Kb5 Rxh3 64. Kxa4 $18) 61... Rh4+ $11 1/2-1/2

[Event "SA Candidates"]
[Site "Adelaide"]
[Date "2002.03.26"]
[Round "7.6"]
[White "Gibson, Gary"]
[Black "Heitmann, Syam"]
[Result "1/2-1/2"]
[WhiteElo "1643"]
[BlackElo "1244"]
[Annotator "Fritz 7 - Anderson-Smith,W"]
[PlyCount "45"]
[EventDate "2002.02.12"]
[EventType "swiss"]
[EventRounds "7"]
[EventCountry "AUS"]

{C07: French Tarrasch: 3...c5, 4 Ngf3 and 4 exd5 Qxd5} 1. e4 e6 2. d4 d5 3. Nd2
c5 4. c3 (4. exd5 Qxd5 5. Ngf3 cxd4 6. Bc4 Qd6 7. O-O Nf6 8. Nb3 Nc6 9. Nbxd4
Nxd4 10. Nxd4 a6 11. Re1 (11. Bb3 Bd7 12. c3 O-O-O 13. Qe2 Qc7 14. a4 Bd6 15.
h3 Rdg8 16. Nf3 Bc6 17. Re1 g5 18. Ne5 Be4 19. Ng4 Nxg4 20. hxg4 Bc6 21. Bc2 h5
22. gxh5 g4 23. h6 g3 24. f3 Qe7 25. Qc4 Bc5+ 26. Kf1 b5 27. Qf4 Bd6 28. Qd4
Bc5 29. Qe5 Bd6 30. Qh5 Bd5 31. axb5 Qa7 32. Be3 Bc5 33. Rxa6 Bxe3 34. Rxa7
Bc4+ 35. Re2 Bxa7 36. Qxf7 Be3 37. Bd3 Bxd3 38. Qxe6+ Kb8 39. Qd6+ {
1-0 Korneev,O-Vega Holm,F/Dos Hermanas 2001/CBM 83 (39)}) 11... Qc7 12. Bb3 Bd6
13. Nf5 Bxh2+ 14. Kh1 O-O 15. Nxg7 Rd8 16. Qf3 Kxg7 17. Bh6+ Kg6 18. Rad1 Rxd1
19. Rxd1 e5 20. Kxh2 Ng4+ 21. Kg1 Kxh6 {
0-1 Zaw Win Lay-Khalifman,A/Bali 2000/CBM 77 (21)}) 4... Nc6 5. Bb5 (5. Ne2 Qb6
6. exd5 exd5 7. Nb3 Nf6 8. Be3 c4 9. Nd2 Qxb2 10. Nf3 Bf5 11. Ng3 Bc2 12. Qc1
Ba3 13. Bd2 O-O 14. Be2 Rfe8 15. O-O Re7 16. Qe1 Rae8 17. Bg5 Bd3 18. Be3 Ng4
19. Bxd3 cxd3 20. Nf5 Rd7 21. h3 Nxe3 22. Nxe3 Qe2 23. Qb1 Qb2 24. Qxd3 Qb6 25.
Rab1 Qd8 26. c4 Be7 27. Nxd5 Qa5 28. Qf5 {
1-0 Buitrago,S-Meneses Colona,C/Buenos Aires 1997/EXT 2001 (28)}) 5... Qb6 $146
(5... Nf6 6. e5 Nd7 7. Ne2 Qb6 8. Bxc6 bxc6 9. O-O cxd4 10. cxd4 c5 11. Nf3 Ba6
12. Re1 cxd4 13. Nexd4 Bb4 14. Bd2 Nc5 15. Bxb4 Qxb4 16. Rc1 Rc8 17. a3 Qxb2
18. Rxc5 Rxc5 19. Qa4+ Bb5 20. Qxa7 Rc1 21. Qb8+ Ke7 22. Qb7+ Kd8 23. Nxb5
Rxe1+ 24. Nxe1 Qc1 25. Qb6+ Kc8 26. Qa6+ Kd7 27. Qd6+ Kc8 28. Qb4 Kd7 29. Qd6+
{1/2-1/2 Rej,D-Kabisch,T/Germany 1980/EXT 98 (29)}) (5... Bd7 6. Ne2 Qb6 7. Ba4
Rd8 8. e5 cxd4 9. Bxc6 bxc6 10. cxd4 c5 11. O-O cxd4 12. Nf3 Ne7 13. Nexd4 Ng6
14. Qe2 Bc5 15. Rd1 Rc8 16. Be3 O-O 17. a3 Qc7 18. Rac1 Nxe5 19. Rxc5 Nxf3+ 20.
Nxf3 {Schuit,A-Meringa,J/Alkmaar 1989/EXT 99/1-0 (63)}) (5... cxd4 6. cxd4 dxe4
7. Bxc6+ bxc6 8. Nxe4 $15) 6. Bxc6+ bxc6 7. Ne2 Ba6 8. exd5 cxd5 9. Nf3 Nf6 10.
O-O Bd6 11. Re1 O-O 12. Ng3 cxd4 13. cxd4 Bb4 (13... Rac8 14. Ne5 $15) 14. Bd2
$11 Rfc8 15. Bxb4 Qxb4 16. b3 {Secures c4} Rc3 17. Rc1 Rac8 18. Rxc3 Qxc3 19.
h3 {Controls g4} Qd3 (19... Qb2 20. Qa1 Qc2 21. Qb1 $15) 20. Qxd3 $11 Bxd3 21.
Rd1 Ba6 22. Rd2 h6 23. Ne5 1/2-1/2